<?xml version="1.0" encoding="UTF-8"?>
<record
    xmlns:xsi="http://www.w3.org/2001/XMLSchema-instance"
    xsi:schemaLocation="http://www.loc.gov/MARC21/slim http://www.loc.gov/standards/marcxml/schema/MARC21slim.xsd"
    xmlns="http://www.loc.gov/MARC21/slim">

  <leader>01206nam a2200277 a 4500</leader>
  <controlfield tag="001">81047</controlfield>
  <controlfield tag="003">BD-RjUL</controlfield>
  <controlfield tag="005">20230111121341.0</controlfield>
  <controlfield tag="008">230111s1954    ir            000 0 per d</controlfield>
  <datafield tag="035" ind1=" " ind2=" ">
    <subfield code="a">(BD-RjUL)81047</subfield>
  </datafield>
  <datafield tag="040" ind1=" " ind2=" ">
    <subfield code="a">HUJI</subfield>
    <subfield code="b">ara</subfield>
    <subfield code="c">BD-RjUL</subfield>
  </datafield>
  <datafield tag="041" ind1="0" ind2=" ">
    <subfield code="a">per</subfield>
  </datafield>
  <datafield tag="082" ind1=" " ind2=" ">
    <subfield code="2">23</subfield>
    <subfield code="a">016.19082</subfield>
    <subfield code="b">MAB 1954</subfield>
  </datafield>
  <datafield tag="100" ind1="1" ind2=" ">
    <subfield code="a">Mahdav&#x12B;, Ya&#x1E25;y&#xE1;</subfield>
    <subfield code="9">6516</subfield>
  </datafield>
  <datafield tag="245" ind1="1" ind2="0">
    <subfield code="a">&#x641;&#x647;&#x631;&#x633;&#x62A; &#x646;&#x633;&#x62E;&#x647; &#x647;&#x627;&#x64A; &#x645;&#x635;&#x646;&#x641;&#x627;&#x62A; &#x627;&#x628;&#x646; &#x633;&#x64A;&#x646;&#x627;    =    Bibliographie d'Ibn Sina /</subfield>
    <subfield code="c">&#x62A;&#x627;&#x644;&#x64A;&#x641; &#x64A;&#x62D;&#x64A;&#x64A; &#x645;&#x647;&#x62F;&#x648;&#x64A;. = Yahya Mahdavi.</subfield>
  </datafield>
  <datafield tag="246" ind1="3" ind2="3">
    <subfield code="a">&#x641;&#x647;&#x631;&#x633;&#x62A; &#x646;&#x633;&#x62E;&#x647; &#x647;&#x627;&#x64A; &#x645;&#x635;&#x646;&#x641;&#x627;&#x62A; &#x627;&#x628;&#x646; &#x633;&#x64A;&#x646;&#x627;.</subfield>
  </datafield>
  <datafield tag="260" ind1=" " ind2=" ">
    <subfield code="a">&#x62A;&#x647;&#x631;&#x627;&#x646; :</subfield>
    <subfield code="b">&#x627;&#x646;&#x62A;&#x634;&#x627;&#x631;&#x627;&#x62A; &#x62F;&#x627;&#x646;&#x634;&#x6AF;&#x627;&#x647; &#x62A;&#x647;&#x631;&#x627;&#x646;,</subfield>
    <subfield code="c">&#x661;&#x663;&#x663;&#x663; &#x634;. &#x661;&#x669;&#x665;&#x664;.</subfield>
  </datafield>
  <datafield tag="300" ind1=" " ind2=" ">
    <subfield code="a">&#x664;&#x661;&#x663;&#x60C; &#x662;&#x660; &#x635; :</subfield>
    <subfield code="b">&#x662;&#x665; &#x633;&#x645;.</subfield>
  </datafield>
  <datafield tag="490" ind1="1" ind2=" ">
    <subfield code="a">&#x627;&#x646;&#x62A;&#x634;&#x627;&#x631;&#x627;&#x62A; &#x62F;&#x627;&#x646;&#x634;&#x6AF;&#x627;&#x647; &#x62A;&#x647;&#x631;&#x627;&#x646; &#x61B;</subfield>
    <subfield code="v">&#x662;&#x660;&#x666;</subfield>
  </datafield>
  <datafield tag="500" ind1=" " ind2=" ">
    <subfield code="a">&#x634;&#x627;&#x645;&#x644; &#x635;&#x641;&#x62D;&#x647; &#x639;&#x646;&#x648;&#x627;&#x646; &#x648; &#x641;&#x647;&#x631;&#x633;&#x62A; &#x643;&#x62A;&#x628; &#x648; &#x645;&#x642;&#x627;&#x644;&#x627;&#x62A;&#x64A; &#x643;&#x647; &#x62F;&#x631; &#x628;&#x627;&#x631;&#x647; &#x627;&#x628;&#x646; &#x633;&#x64A;&#x646;&#x627; &#x648; &#x622;&#x62B;&#x627;&#x631; &#x627;&#x648; &#x648; &#x62A;&#x631;&#x62C;&#x645;&#x647; &#x622;&#x62B;&#x627;&#x631; &#x627;&#x648; &#x628;&#x632;&#x628;&#x627;&#x646; &#x62E;&#x627;&#x631;&#x62C;&#x647;</subfield>
  </datafield>
  <datafield tag="600" ind1="0" ind2="4">
    <subfield code="a">Avicenna,</subfield>
    <subfield code="d">980-1037.</subfield>
    <subfield code="9">6517</subfield>
  </datafield>
  <datafield tag="650" ind1=" " ind2="4">
    <subfield code="a">Philosophers, Medieval</subfield>
    <subfield code="9">6518</subfield>
  </datafield>
  <datafield tag="700" ind1="1" ind2=" ">
    <subfield code="a">&#x645;&#x647;&#x62F;&#x648;&#x64A;&#x60C; &#x64A;&#x62D;&#x64A;&#x649;</subfield>
    <subfield code="9">6519</subfield>
  </datafield>
  <datafield tag="830" ind1=" " ind2="0">
    <subfield code="a">&#x627;&#x646;&#x62A;&#x634;&#x627;&#x631;&#x627;&#x62A; &#x62F;&#x627;&#x646;&#x634;&#x6AF;&#x627;&#x647; &#x62A;&#x647;&#x631;&#x627;&#x646; ;</subfield>
    <subfield code="v">&#x662;&#x660;&#x666;.</subfield>
    <subfield code="9">6520</subfield>
  </datafield>
  <datafield tag="942" ind1=" " ind2=" ">
    <subfield code="2">ddc</subfield>
    <subfield code="c">REF</subfield>
  </datafield>
  <datafield tag="999" ind1=" " ind2=" ">
    <subfield code="c">81047</subfield>
    <subfield code="d">81047</subfield>
  </datafield>
  <datafield tag="952" ind1=" " ind2=" ">
    <subfield code="0">0</subfield>
    <subfield code="1">0</subfield>
    <subfield code="2">ddc</subfield>
    <subfield code="4">0</subfield>
    <subfield code="7">1</subfield>
    <subfield code="8">NFIC</subfield>
    <subfield code="a">RUCL</subfield>
    <subfield code="b">RUCL</subfield>
    <subfield code="c">REF</subfield>
    <subfield code="d">2023-01-11</subfield>
    <subfield code="l">0</subfield>
    <subfield code="o">AR   016.19082 MAB 1954</subfield>
    <subfield code="r">2023-01-11 00:00:00</subfield>
    <subfield code="t">C-1</subfield>
    <subfield code="w">2023-01-11</subfield>
    <subfield code="y">BK</subfield>
  </datafield>
</record>
